[Event "Bartis Memorial A 9198"]
[Site "?"]
[Date "1997.??.??"]
[Round "?"]
[White "Engel Klaus Eberhard"]
[Black "Jezek Jaroslav"]
[Result "1/2-1/2"]
[WhiteElo "2455"]
[BlackElo "2500"]
[PlyCount "65"]
[EventDate "1997.??.??"]
[Source "www.chesslib.no"]
[SourceDate "2004.05.04"]

1. c4 e5 2. Nc3 Nf6 3. Nf3 Nc6 4. e4 Bb4 5. d3 d6 6. g3 Bg4 7. Be2 a6 8. Bd2 h6 9. h3 Bxf3 10. Bxf3 Bc5 11. O-O Nd4 12. Bg2 Qd7 13. a3 a5 14. b4 axb4 15. axb4 Rxa1 16. Qxa1 Bxb4 17. Qa8+ Qd8 18. Qa4+ Nc6 19. Rb1 Bxc3 20. Bxc3 Qc8 21. Qb5 O-O 22. Qxb7 Qd7 23. Qa6 Nd8 24. c5 Ne6 25. c6 Qe7 26. Ba5 Ne8 27. Rb7 Qg5 28. Qc4 h5 29. Rb2 h4 30. Bd2 Qg6 31. g4 Nf6 32. Be3 Nh7 33. d4 1/2-1/2

[Event "Corr"]
[Site "?"]
[Date "2002.06.15"]
[Round "?"]
[White "Van Osmael Alex"]
[Black "Shikalov Andrei Viktorovich"]
[Result "0-1"]
[WhiteElo "2451"]
[BlackElo "2500"]
[PlyCount "60"]
[EventDate "2002.??.??"]
[Source "www.chesslib.no"]
[SourceDate "2004.05.04"]

1. c4 Nf6 2. Nc3 e5 3. Nf3 Nc6 4. e4 Bb4 5. d3 d6 6. Be2 a6 7. O-O Bc5 8. Bg5 h6 9. Bd2 O-O 10. Ne1 Nd4 11. Kh1 c6 12. f4 exf4 13. Bxf4 b5 14. b3 Re8 15. Bf3 Qe7 16. Nc2 b4 17. Na4 Nxf3 18. gxf3 Bh3 19. d4 Ba7 20. Re1 Nh5 21. Be3 Qh4 22. Qe2 Rxe4 23. fxe4 Qxe4+ 24. Kg1 Re8 25. Qf2 Re6 26. Bg5 Qg4+ 27. Kh1 Qxg5 28. Rxe6 fxe6 29. Re1 Nf4 30. Rg1 Bg2+ 0-1

[Event "Rijeka (Croatia)"]
[Site "?"]
[Date "2003.??.??"]
[Round "2"]
[White "Bistric Faruk"]
[Black "Rogic Davor"]
[Result "0-1"]
[WhiteElo "2466"]
[BlackElo "2482"]
[PlyCount "92"]
[EventDate "2003.??.??"]
[Source "www.chesslib.no"]
[SourceDate "2004.05.04"]

1. c4 e5 2. Nc3 Nf6 3. Nf3 Nc6 4. e4 Bc5 5. Nxe5 Nxe5 6. d4 Bb4 7. dxe5 Nxe4 8. Qg4 Nxc3 9. Bd2 O-O 10. bxc3 Qe7 11. Qe4 Bc5 12. Bd3 g6 13. O-O Rb8 14. Rae1 d6 15. Bh6 Re8 16. exd6 Qxe4 17. Rxe4 Be6 18. dxc7 Rbc8 19. Ree1 Rxc7 20. Be4 Bf8 21. Bf4 Rxc4 22. Be5 b6 23. Bc2 Bg7 24. Bb3 Bxe5 25. Rxe5 Rxc3 26. h4 Kf8 27. Rfe1 Bd7 28. Rxe8+ Bxe8 29. Rd1 a5 30. Rd8 b5 31. Rb8 a4 32. Bd5 Ke7 33. Rb6 Rc1+ 34. Kh2 Rd1 35. Rb7+ Kf6 36. Rb6+ Ke5 37. Rb8 Rxd5 38. Rxe8+ Kd4 39. Re7 Kc3 40. Rxf7 Kb2 41. Rxh7 Kxa2 42. Rh6 b4 43. Rxg6 b3 44. Rb6 b2 45. g4 b1=Q 46. Rxb1 Kxb1 0-1

[Event "300 Years"]
[Site "St Petersburg"]
[Date "2003.10.22"]
[Round "5"]
[White "Smirnov, Artem"]
[Black "Popov, Valerij"]
[Result "0-1"]
[WhiteElo "2358"]
[BlackElo "2579"]
[PlyCount "72"]
[EventDate "2003.10.18"]
[Source "Roberto Alvarez"]
[SourceDate "2003.10.27"]

1. c4 e5 2. Nc3 Nf6 3. Nf3 Nc6 4. e4 a6 5. Be2 Bb4 6. d3 b5 7. cxb5 axb5 8. O-O Bxc3 9. bxc3 O-O 10. Bg5 h6 11. Bh4 Re8 12. d4 exd4 13. cxd4 g5 14. Nxg5 hxg5 15. Bxg5 Rxe4 16. Bd3 Rxd4 17. Qf3 Rd6 18. Rfe1 Ra3 19. Bxf6 Rxf6 20. Qg4+ Kf8 21. Bh7 Ne7 22. Rxe7 d6 23. Qb4 Qxe7 24. Qxa3 Qe5 25. Qc1 Qd4 26. Qe1 Rxf2 27. Qxf2 Qxa1+ 28. Qf1 Qxf1+ 29. Kxf1 b4 30. Bb1 c5 31. Kf2 Kg7 32. h4 Kf6 33. Ke3 Bf5 34. Bxf5 Kxf5 35. h5 d5 36. g4+ Kg5 0-1

[Event "Cup 2004"]
[Site "Rabac"]
[Date "2004.??.??"]
[Round "4.3"]
[White "Bukal, Vladimir Sr"]
[Black "Cvitan, Ognjen"]
[Result "1/2-1/2"]
[WhiteElo "2399"]
[BlackElo "2524"]
[PlyCount "111"]
[EventDate "2004.05.20"]
[Source "Roberto Alvarez"]
[SourceDate "2004.06.07"]

1. c4 Nf6 2. Nc3 e5 3. Nf3 Nc6 4. e4 Bb4 5. d3 d6 6. g3 Bg4 7. h3 Bxf3 8. Qxf3 Nd4 9. Qd1 c6 10. Bg2 a6 11. O-O Bc5 12. Rb1 b5 13. b4 Bb6 14. a4 h5 15. Be3 h4 16. g4 Rb8 17. axb5 axb5 18. cxb5 Nxb5 19. Nxb5 cxb5 20. d4 Nd7 21. Qd3 O-O 22. Qxb5 Bxd4 23. Qd3 Bxe3 24. Qxe3 Rb6 25. Rfd1 Qb8 26. Qg5 Nc5 27. Qxh4 Ne6 28. Qg3 Rxb4 29. Rxb4 Qxb4 30. Qd3 Rd8 31. Rb1 Qa5 32. Bf1 Ra8 33. Rb2 g6 34. Qb1 Kg7 35. Rb7 Qa3 36. Qb4 Qf3 37. Qxd6 Qxe4 38. Rb8 Ng5 39. Kh2 Nf3+ 40. Kg2 Nd4+ 41. Kg1 Rxb8 42. Qxb8 Kh6 43. Qa7 f6 44. Qa6 Kg5 45. Qd3 Qf4 46. Qg3 Ne6 47. h4+ Kh6 48. Qe3 Qxe3 49. fxe3 f5 50. Be2 fxg4 51. Bxg4 Ng7 52. e4 g5 53. hxg5+ Kxg5 54. Bc8 Kf4 55. Bb7 Ke3 56. Kf1 1/2-1/2

[Event "Bartis mem-A corr9299"]
[Site "?"]
[Date "1992.??.??"]
[Round "?"]
[White "Jezek, Jaroslav"]
[Black "Marcussi, Bartolome Jorge M"]
[Result "1/2-1/2"]
[WhiteElo "2500"]
[BlackElo "2420"]
[PlyCount "62"]
[EventDate "1992.??.??"]
[Source "www.chesslib.no"]
[SourceDate "2004.05.04"]

1. c4 e5 2. Nc3 Nf6 3. Nf3 Nc6 4. e4 Bb4 5. d3 d6 6. g3 O-O 7. Bg2 Ne8 8. Be3 Bxc3+ 9. bxc3 f5 10. Qd2 Nf6 11. exf5 Bxf5 12. Nh4 Be6 13. O-O d5 14. Qb2 Rb8 15. cxd5 Bxd5 16. Bh3 Nh5 17. Ng2 Qd6 18. c4 Be6 19. Bxe6+ Qxe6 20. f3 b6 21. Rae1 Qd6 22. Rd1 Rbd8 23. Qe2 Qe6 24. Ne1 Rd7 25. Qg2 Rfd8 26. Rf2 Nb4 27. Rfd2 c5 28. Bg5 Rf8 29. Qe2 h6 30. Be3 Nf6 31. Bf2 Qf5 1/2-1/2

[Event "Corr"]
[Site "?"]
[Date "2000.09.25"]
[Round "?"]
[White "Van Osmael Alex"]
[Black "Harding Timothy David (IRL)"]
[Result "1-0"]
[WhiteElo "2510"]
[BlackElo "2409"]
[PlyCount "131"]
[EventDate "2000.??.??"]
[Source "www.chesslib.no"]
[SourceDate "2004.05.04"]

1. c4 e5 2. Nc3 Nf6 3. Nf3 Nc6 4. e4 Bc5 5. h3 O-O 6. d3 h6 7. g3 d6 8. Bg2 Nd4 9. Nxd4 Bxd4 10. O-O c6 11. Kh2 Be6 12. f4 exf4 13. gxf4 a6 14. Qf3 Nh7 15. Ne2 Bf6 16. a4 c5 17. Nc3 Bd4 18. Qg3 Re8 19. Bf3 Kh8 20. Ne2 Bf6 21. Rg1 Bd7 22. a5 Bc6 23. Nc3 Nf8 24. Nd5 Rb8 25. Nxf6 Qxf6 26. Rb1 b5 27. axb6 Rxb6 28. b3 Ne6 29. Bb2 Nd4 30. Bd1 Rg8 31. Qf2 Rgb8 32. Ra1 g6 33. Ra5 Kg7 34. h4 Kf8 35. h5 Bd7 36. hxg6 fxg6 37. Bxd4 cxd4 38. f5 g5 39. Rd5 Be6 40. Qxd4 Qxd4 41. Rxd4 Bf7 42. Re1 Re8 43. b4 Re5 44. Kg3 h5 45. Rh1 g4 46. Bxg4 hxg4 47. Rh6 Rxb4 48. Rdxd6 a5 49. Rh8+ Kg7 50. Ra8 Re8 51. Rxa5 Bxc4 52. dxc4 Rxe4 53. Ra7+ Kf8 54. Rd8+ Re8 55. Raa8 Rxd8 56. Rxd8+ Ke7 57. Rd4 Rb1 58. Kxg4 Rc1 59. Re4+ Kf6 60. Re6+ Kf7 61. Rc6 Rg1+ 62. Kf4 Rf1+ 63. Ke5 Re1+ 64. Kd5 Rd1+ 65. Kc5 Rf1 66. f6 1-0

[Event "New Castle on Tyne op"]
[Site "?"]
[Date "1998.??.??"]
[Round "6"]
[White "McNab Colin Anderson"]
[Black "Gormally Daniel"]
[Result "1/2-1/2"]
[WhiteElo "2500"]
[BlackElo "2415"]
[PlyCount "54"]
[EventDate "1998.??.??"]
[Source "www.chesslib.no"]
[SourceDate "2004.05.04"]

1. c4 e5 2. Nc3 Nf6 3. Nf3 Nc6 4. e4 Bc5 5. Nxe5 Nxe5 6. d4 Bb4 7. dxe5 Nxe4 8. Qd4 Nxc3 9. bxc3 Be7 10. Qg4 Kf8 11. Be3 d6 12. Qe4 dxe5 13. Rd1 Qe8 14. Qxe5 Bd6 15. Qh5 Be5 16. Be2 Bxc3+ 17. Kf1 Be6 18. Qf3 Qc6 19. Qxc6 bxc6 20. Rc1 Be5 21. Bf3 Rb8 22. Bxa7 Rb2 23. Bc5+ Bd6 24. Bd4 Bxc4+ 25. Kg1 Rb4 26. a3 Ra4 27. Bxc6 Bb5 1/2-1/2

[Event "Pula op 12th"]
[Site "?"]
[Date "1998.??.??"]
[Round "6"]
[White "Bukal Vladimir Sr"]
[Black "Sermek Drazen"]
[Result "1/2-1/2"]
[WhiteElo "2400"]
[BlackElo "2510"]
[PlyCount "80"]
[EventDate "1998.??.??"]
[Source "www.chesslib.no"]
[SourceDate "2004.05.04"]

1. c4 e5 2. Nc3 Nf6 3. Nf3 Nc6 4. e4 Bc5 5. Nxe5 Nxe5 6. d4 Bb4 7. dxe5 Nxe4 8. Qd4 Nxc3 9. bxc3 c5 10. Qd3 Ba5 11. Be2 O-O 12. O-O Re8 13. Bf4 Bc7 14. Qg3 Qe7 15. Bd3 Bxe5 16. Rae1 d6 17. Bxe5 dxe5 18. f4 Qd7 19. fxe5 Qg4 20. Qe3 Be6 21. Qxc5 b6 22. Qe3 Rac8 23. Rf4 Qg5 24. h4 Qe7 25. Rd4 h5 26. Qe4 g6 27. Qf4 Rc5 28. Re3 Kg7 29. Be2 Bf5 30. Rd5 Rec8 31. Rxc5 Qxc5 32. Kh2 Re8 33. Qd4 Qc7 34. Kh1 Rd8 35. Qf4 Qc5 36. Kh2 Re8 37. Qd4 Qc7 38. Kh1 Rd8 39. Qf4 Qe7 40. Kg1 Qc5 1/2-1/2

[Event "Corr"]
[Site "?"]
[Date "2002.06.15"]
[Round "?"]
[White "Van Osmael Alex"]
[Black "Van Leeuwen Etienne"]
[Result "1-0"]
[WhiteElo "2451"]
[BlackElo "2445"]
[PlyCount "75"]
[EventDate "2002.??.??"]
[Source "www.chesslib.no"]
[SourceDate "2004.05.04"]

1. c4 e5 2. Nc3 Nc6 3. Nf3 Nf6 4. e4 Bb4 5. d3 d6 6. Be2 a6 7. O-O Bc5 8. Kh1 h6 9. Ng1 Nd4 10. f4 c6 11. Rb1 Qe7 12. b4 Bb6 13. a4 a5 14. b5 Bc5 15. Nf3 O-O 16. Bd2 Bd7 17. Nxd4 Bxd4 18. f5 Rfc8 19. Bf3 Bc5 20. g4 Bb4 21. Qe1 cxb5 22. axb5 Qd8 23. Rg1 Nh7 24. Rb2 g5 25. Nd5 Bxd2 26. Qxd2 Nf6 27. Nc3 Nh7 28. Qe3 Rc5 29. Na4 b6 30. h4 Ra7 31. Rh2 f6 32. Kg2 Be8 33. hxg5 hxg5 34. Rgh1 Rg7 35. Be2 Qc7 36. Rh6 Qb7 37. Bd1 Kf8 38. Qh3 1-0

[Event "Capablanca mem Premier II"]
[Site "Havana"]
[Date "2004.05.08"]
[Round "3"]
[White "Nogueiras, Jesus"]
[Black "Rodriguez Guerrero, Enrique"]
[Result "1-0"]
[WhiteElo "2482"]
[BlackElo "2407"]
[PlyCount "79"]
[EventDate "2004.05.06"]
[Source "Roberto Alvarez"]
[SourceDate "2004.05.24"]

1. c4 Nf6 2. Nc3 e5 3. Nf3 Nc6 4. e4 Bb4 5. d3 d6 6. g3 a6 7. Bg2 Bc5 8. h3 Rb8 9. O-O b5 10. cxb5 axb5 11. Be3 Bxe3 12. fxe3 O-O 13. g4 b4 14. Ne2 Be6 15. Ng3 d5 16. Qc2 Rb6 17. exd5 Nxd5 18. Qf2 Qe7 19. Nd2 Ra6 20. Nde4 Rd8 21. Rfc1 Rb6 22. Nf5 Bxf5 23. gxf5 Nf6 24. Nxf6+ Qxf6 25. Be4 Rd7 26. Rc5 Ne7 27. Rac1 c6 28. Qg3 g6 29. fxg6 Nxg6 30. Rxc6 Rxc6 31. Rxc6 Qe7 32. h4 Kh8 33. Qg5 Ra7 34. Rf6 Kg7 35. Rb6 Qc7 36. Qf6+ Kg8 37. h5 Qc1+ 38. Kh2 Qd2+ 39. Bg2 Nf8 40. h6 1-0

[Event "ARG Ch 60th"]
[Site "Buenos Aires ARG"]
[Date "1986.??.??"]
[Round "13"]
[White "Paglilla, Carlos"]
[Black "Ricardi, Pablo"]
[Result "1-0"]
[WhiteElo "2355"]
[BlackElo "2520"]
[PlyCount "49"]
[EventDate "1986.??.??"]
[Source "www.chesslib.no"]
[SourceDate "2004.05.04"]

1. c4 e5 2. Nc3 Nc6 3. Nf3 Nf6 4. e4 g6 5. d4 Nxd4 6. Nxd4 exd4 7. Qxd4 Bg7 8. Qe5+ Kf8 9. Bg5 h6 10. Bh4 Kg8 11. Qd4 Kh7 12. O-O-O c5 13. Qd3 Qe8 14. f3 a6 15. Qd6 Nh5 16. g4 Be5 17. Qxc5 d6 18. Rxd6 Bxg4 19. fxg4 Rc8 20. Qb6 Bxc3 21. gxh5 Bg7 22. hxg6+ fxg6 23. Re6 Qa4 24. Re7 Rhf8 25. Bf6 1-0

[Event "Corr"]
[Site "?"]
[Date "2002.06.15"]
[Round "?"]
[White "Van Osmael Alex"]
[Black "Borowiec Andrzej (POL)"]
[Result "0-1"]
[WhiteElo "2451"]
[BlackElo "2417"]
[PlyCount "92"]
[EventDate "2002.??.??"]
[Source "www.chesslib.no"]
[SourceDate "2004.05.04"]

1. c4 e5 2. Nc3 Nc6 3. Nf3 Nf6 4. e4 Bb4 5. d3 d6 6. Be2 O-O 7. O-O Bc5 8. Bd2 Nd4 9. Nxd4 Bxd4 10. Nb5 Bb6 11. Kh1 c6 12. Nc3 Bd4 13. f4 Re8 14. f5 a6 15. Bg5 b5 16. Bf3 h6 17. Bh4 Bd7 18. Rc1 Qe7 19. Qe1 Reb8 20. b3 b4 21. Na4 c5 22. Bd1 Ra7 23. g4 Kf8 24. Bg3 Nh7 25. h4 Kg8 26. Bc2 Nf6 27. Qe2 Rc7 28. Be1 Rcb7 29. Rd1 g6 30. g5 Nh5 31. Qg4 Nf4 32. Bd2 hxg5 33. hxg5 gxf5 34. exf5 Qf8 35. Bxf4 Bc6+ 36. Kh2 exf4 37. f6 f3 38. Rde1 Qc8 39. Kg3 Qxg4+ 40. Kxg4 f2 41. Re2 Re8 42. Rfxf2 Bd7+ 43. Kf4 Re5 44. Rh2 Rf5+ 45. Kg4 Rxf6+ 46. Kh5 Rf1 0-1

[Event "5th Itau Cup, Sao Paulo BRA"]
[Site "?"]
[Date "2001.??.??"]
[Round "4"]
[White "Sega, C."]
[Black "Leitao, R."]
[Result "1/2-1/2"]
[WhiteElo "2285"]
[BlackElo "2580"]
[PlyCount "58"]
[EventDate "2001.??.??"]
[Source "www.chesslib.no"]
[SourceDate "2004.05.04"]

1. c4 Nf6 2. Nc3 e5 3. Nf3 Nc6 4. e4 Bc5 5. Nxe5 Nxe5 6. d4 Nxe4 7. Nxe4 Bb4+ 8. Bd2 Bxd2+ 9. Qxd2 Ng6 10. O-O-O O-O 11. h4 d5 12. cxd5 Ne7 13. d6 cxd6 14. Bd3 Bf5 15. g4 Qc8+ 16. Kb1 Bxe4 17. Bxe4 Qxg4 18. Qd3 h6 19. Bxb7 Rab8 20. Be4 Qf4 21. Rde1 Kh8 22. Qe3 Qxe3 23. fxe3 g6 24. Rc1 Rfc8 25. Rxc8+ Rxc8 26. Rc1 Rxc1+ 27. Kxc1 Kg7 28. b4 Kf6 29. b5 Ke6 1/2-1/2

[Event "Groningen Open"]
[Site "Groningen NED"]
[Date "1990.??.??"]
[Round "7"]
[White "Ashley, Maurice"]
[Black "Gipslis, Aivars P"]
[Result "0-1"]
[WhiteElo "2370"]
[BlackElo "2480"]
[PlyCount "72"]
[EventDate "1990.12.??"]
[Source "www.chesslib.no"]
[SourceDate "2004.05.04"]

1. c4 e5 2. Nc3 Nf6 3. Nf3 Nc6 4. e4 Bb4 5. d3 d6 6. g3 O-O 7. Bg2 Be6 8. O-O Bxc3 9. bxc3 Qd7 10. Rb1 Rab8 11. Nh4 a6 12. f4 Bg4 13. Qe1 Bh3 14. Bxh3 Qxh3 15. f5 b5 16. cxb5 Rxb5 17. Rxb5 axb5 18. Nf3 h6 19. Rf2 Rd8 20. a4 bxa4 21. c4 Rb8 22. Rb2 Rb3 23. Rxb3 axb3 24. Bb2 Ng4 25. Qe2 Nb4 26. c5 Qh5 27. cxd6 cxd6 28. h4 Nf6 29. Ba3 Nc2 30. Bxd6 Ne1 31. Qxe1 Qxf3 32. Bxe5 Qxd3 33. Qa1 Nxe4 34. Qa7 Qd1+ 35. Kg2 Qe2+ 36. Kg1 Nd2 0-1

[Event "It"]
[Site "Nordwalde"]
[Date "1988.??.??"]
[Round "5"]
[White "Spassky, Boris Vasily"]
[Black "Cmiel, Thorsten"]
[Result "1/2-1/2"]
[WhiteElo "2560"]
[BlackElo "2285"]
[PlyCount "72"]
[EventDate "1988.??.??"]
[Source "www.chesslib.no"]
[SourceDate "2004.05.04"]

1. c4 e5 2. Nc3 Nf6 3. Nf3 Nc6 4. e4 Bb4 5. d3 h6 6. Be2 O-O 7. O-O Bxc3 8. bxc3 d6 9. Ne1 Qe7 10. Rb1 b6 11. Nc2 Bd7 12. Kh1 Rae8 13. Ne3 Qd8 14. Rb2 Ne7 15. g3 Bh3 16. Rg1 Ng6 17. Bf1 Bc8 18. Bg2 Kh7 19. Qf1 c6 20. f4 Bb7 21. fxe5 Rxe5 22. Rf2 d5 23. cxd5 cxd5 24. d4 Rxe4 25. Bxe4 dxe4 26. Ba3 Re8 27. Qe2 Qd7 28. Rb1 Rc8 29. Rb3 Bc6 30. Rb1 Bb7 31. Rc1 Qa4 32. Qb2 Nd5 33. Nxd5 Bxd5 34. Kg1 Qe8 35. Re2 e3 36. Qc2 Bc4 1/2-1/2

[Event "ECC, Panormo GRE"]
[Site "?"]
[Date "2001.??.??"]
[Round "3"]
[White "Poldauf, D."]
[Black "Bykhovsky, Av"]
[Result "1-0"]
[WhiteElo "2400"]
[BlackElo "2440"]
[PlyCount "81"]
[EventDate "2001.??.??"]
[Source "www.chesslib.no"]
[SourceDate "2004.05.04"]

1. c4 Nf6 2. Nc3 e5 3. Nf3 Nc6 4. e4 d6 5. g3 Bg4 6. Bg2 Nd7 7. h3 Bxf3 8. Bxf3 Nc5 9. d3 Be7 10. Be3 a5 11. Qd2 Ne6 12. Ne2 Bg5 13. h4 Ncd4 14. Bg2 Bxe3 15. fxe3 Nxe2 16. Qxe2 O-O 17. g4 c6 18. g5 a4 19. O-O-O Qa5 20. Bh3 Nc5 21. h5 b5 22. cxb5 a3 23. b3 cxb5 24. Qd2 b4 25. Kb1 Qb5 26. g6 h6 27. Bf5 f6 28. d4 Nd7 29. Rc1 Ra7 30. Rc4 Rb7 31. Rhc1 Re8 32. Rc8 Kf8 33. Qc2 Nb6 34. Rc7 Re7 35. Rc6 exd4 36. exd4 d5 37. e5 fxe5 38. Bd3 Nc4 39. Rc8+ Re8 40. bxc4 Qd7 41. Qf2+ 1-0

[Event "Moscow3"]
[Site "Moscow"]
[Date "1995.??.??"]
[Round "?"]
[White "Bezman, Vadim"]
[Black "Janovsky, Sergey"]
[Result "1/2-1/2"]
[WhiteElo "2385"]
[BlackElo "2450"]
[PlyCount "98"]
[EventDate "1995.04.??"]
[Source "ChessBase"]

1. c4 e5 2. Nc3 Nf6 3. Nf3 Nc6 4. e4 Bb4 5. d3 d6 6. g3 Bc5 7. Bg2 Nd4 8. Nxd4 Bxd4 9. Ne2 Bb6 10. d4 exd4 11. Nxd4 Ng4 12. O-O Qf6 13. Nf5 Ne5 14. Ne3 c6 15. Rb1 O-O 16. b3 a5 17. h3 Re8 18. Kh2 Bc5 19. f4 Ng6 20. Bb2 Qd8 21. Bd4 Qb6 22. Bxc5 Qxc5 23. Qd3 f6 24. Rfd1 Nh8 25. Qd4 Qxd4 26. Rxd4 Nf7 27. Kg1 g6 28. Kf2 b6 29. h4 Bb7 30. Rd2 Re7 31. Nd1 c5 32. Nc3 Bc6 33. a4 Rc8 34. Re1 Kf8 35. Bf3 Rce8 36. Rde2 Kg7 37. Re3 h6 38. e5 Bxf3 39. exf6+ Kxf6 40. Kxf3 Rxe3+ 41. Rxe3 Rxe3+ 42. Kxe3 h5 43. Nd5+ Ke6 44. Nxb6 Nh6 45. Kf3 Nf5 46. g4 Nd4+ 47. Kg3 Ne2+ 48. Kf3 Nd4+ 49. Kg3 Ne2+ 1/2-1/2

[Event "Virovitica"]
[Site "?"]
[Date "1977.??.??"]
[Round "13"]
[White "Bukal Vladimir Sr"]
[Black "Damjanovic Mato"]
[Result "1/2-1/2"]
[WhiteElo "2405"]
[BlackElo "2430"]
[PlyCount "28"]
[EventDate "1977.??.??"]
[Source "www.chesslib.no"]
[SourceDate "2004.05.04"]

1. c4 e5 2. Nc3 Nf6 3. Nf3 Nc6 4. e4 Bb4 5. g3 O-O 6. Bg2 d6 7. O-O Bxc3 8. bxc3 Bg4 9. h3 Bxf3 10. Qxf3 h6 11. Qe2 Ne8 12. Rb1 b6 13. a4 a5 14. Kh2 Qd7 1/2-1/2

[Event "NED-chT 0102"]
[Site "NED"]
[Date "2001.??.??"]
[Round "1"]
[White "Sielecki, Christof"]
[Black "Janssen, Ruud"]
[Result "1/2-1/2"]
[WhiteElo "2393"]
[BlackElo "2437"]
[PlyCount "127"]
[EventDate "2001.10.??"]
[Source "ChessBase"]
[SourceDate "2002.01.21"]

1. c4 e5 2. Nc3 Nf6 3. Nf3 Nc6 4. e4 d6 5. g3 Bg4 6. h3 Bxf3 7. Qxf3 h5 8. h4 Nd7 9. d3 Nd4 10. Qd1 Be7 11. Be3 c6 12. Bg2 Nc5 13. Qd2 a5 14. Ne2 Bf6 15. Nxd4 exd4 16. Bg5 a4 17. f4 Bxg5 18. hxg5 Qa5 19. Qxa5 Rxa5 20. Kd2 g6 21. Rhe1 Kd7 22. e5 h4 23. exd6 Kxd6 24. Rh1 Raa8 25. gxh4 Rae8 26. Rh3 Ke6 27. f5+ gxf5 28. Rf1 Reg8 29. Rhh1 f6 30. Bh3 fxg5 31. Bxf5+ Ke5 32. h5 Rf8 33. Bg6 Rxf1 34. Rxf1 Ne6 35. Rf5+ Kd6 36. c5+ Nxc5 37. Rxg5 Ne6 38. Rg1 Nf4 39. Rg4 Ke5 40. Rg5+ Ke6 41. Rg4 Nxg6 42. hxg6 c5 43. g7 Rg8 44. Rg5 b6 45. Rg6+ Kf5 46. Rxb6 Rxg7 47. Rc6 Rg2+ 48. Kc1 Kf4 49. Rxc5 Ke3 50. Re5+ Kxd3 51. Re1 Rc2+ 52. Kb1 Re2 53. Rd1+ Ke3 54. Kc1 d3 55. Rh1 Rc2+ 56. Kd1 Rxb2 57. Rh3+ Kd4 58. Rh8 Rxa2 59. Rd8+ Kc3 60. Rc8+ Kb4 61. Rb8+ Ka3 62. Rd8 d2 63. Rd3+ Kb4 64. Rxd2 1/2-1/2

[Event "Marbella zt-f"]
[Site "Marbella"]
[Date "1982.??.??"]
[Round "6"]
[White "Short, Nigel D"]
[Black "Hebden, Mark"]
[Result "1-0"]
[WhiteElo "2430"]
[BlackElo "2400"]
[PlyCount "69"]
[EventDate "1982.02.??"]
[Source "ChessBase"]

1. c4 e5 2. Nc3 Nc6 3. Nf3 Nf6 4. e4 Bb4 5. d3 a5 6. Be2 h6 7. O-O d6 8. Nd5 Bc5 9. h3 Nd4 10. Be3 Nxf3+ 11. Bxf3 c6 12. Nc3 Be6 13. d4 exd4 14. Bxd4 Nd7 15. Be2 O-O 16. Na4 Qh4 17. f4 Bxh3 18. Nxc5 Nxc5 19. Bf2 Qxf4 20. gxh3 Nxe4 21. Qc1 Qf6 22. Be1 Qd4+ 23. Kh1 Rae8 24. Bf3 Re6 25. Qc2 Rfe8 26. Rd1 Qc5 27. Qd3 Ng5 28. Bf2 Re3 29. Rde1 Nxf3 30. Rxe3 Rxe3 31. Qxe3 Qxc4 32. Rd1 Ng5 33. Rxd6 Qf1+ 34. Kh2 f5 35. Qe8+ 1-0

[Event "Donner Memorial Open"]
[Site "Amsterdam NED"]
[Date "1994.??.??"]
[Round "5"]
[White "Reinderman, Dimitri"]
[Black "Pliester, Leon"]
[Result "1/2-1/2"]
[WhiteElo "2430"]
[BlackElo "2395"]
[PlyCount "100"]
[EventDate "1994.08.??"]
[Source "www.chesslib.no"]
[SourceDate "2004.05.04"]

1. c4 e5 2. Nc3 Nc6 3. Nf3 Nf6 4. e4 Bc5 5. Nxe5 Nxe5 6. d4 Nxe4 7. Nxe4 Bb4+ 8. Bd2 Bxd2+ 9. Qxd2 Ng6 10. Nc3 O-O 11. O-O-O c6 12. d5 Qa5 13. d6 b5 14. cxb5 cxb5 15. h4 b4 16. Qd5 Qxd5 17. Nxd5 Bb7 18. Nxb4 Rfc8+ 19. Kb1 Be4+ 20. Nd3 Nf4 21. Rg1 Rab8 22. f3 Bg6 23. Ka1 Nd5 24. Rd2 Ne3 25. b3 Rb6 26. h5 Bxh5 27. Re2 Nxf1 28. Rxf1 Rxd6 29. Nf4 Bg6 30. Nxg6 hxg6 31. Kb2 g5 32. Rc1 Rxc1 33. Kxc1 Kf8 34. Rd2 Rc6+ 35. Kb2 Ke7 36. b4 g4 37. fxg4 Rc4 38. Kb3 Rxg4 39. Ka4 Rg3 40. b5 Ke6 41. Ka5 d5 42. a4 Ra3 43. Rc2 d4 44. Rc6+ Ke5 45. Rc7 d3 46. Rxa7 Ke6 47. Ra8 Kd7 48. Ra7+ Ke6 49. Ra8 Kd7 50. Ra7+ Ke6 1/2-1/2

[Event "Masters"]
[Site "Singapore SIN"]
[Date "2006.12.30"]
[Round "9"]
[White "Gomez, Joh"]
[Black "Paciencia, E."]
[Result "0-1"]
[WhiteElo "2387"]
[BlackElo "2432"]
[PlyCount "100"]
[EventDate "2006.12.26"]
[Source "www.chesslib.no"]
[SourceDate "2004.05.04"]

1. c4 Nf6 2. Nc3 e5 3. Nf3 Nc6 4. e4 Bc5 5. Nxe5 Nxe5 6. d4 Bb4 7. dxe5 Nxe4 8. Qd4 Nxc3 9. bxc3 Be7 10. Qg4 g6 11. Bh6 d6 12. Qe4 Qd7 13. Bd3 Qe6 14. O-O Qxe5 15. Qxe5 dxe5 16. Bg7 Rg8 17. Bxe5 Bd6 18. Bd4 Be6 19. c5 Be7 20. c6 bxc6 21. Rfd1 Bd6 22. Ba6 Rb8 23. a4 Ke7 24. Be3 Rb3 25. Rdb1 Rxc3 26. Rb7 Ra8 27. Rxa7 Rxa7 28. Bxa7 c5 29. Bb7 Rb3 30. Bc6 Bc8 31. g3 Bb7 32. Bb5 Kf6 33. f4 Rb2 34. Bf1 Bc6 35. Rc1 Bxa4 36. Bxc5 Bxc5+ 37. Rxc5 Rc2 38. Ra5 Bb3 39. Bd3 Rc3 40. Be4 Be6 41. Kf2 c5 42. Rb5 h5 43. Rb2 c4 44. Ra2 Rb3 45. Rc2 Ke7 46. h3 Kd6 47. g4 Rxh3 48. f5 Bd5 49. fxg6 fxg6 50. Bxg6 hxg4 0-1